=LDR 00000nam 2200000 4500 =001 INLIS000000000038617 =005 20130612144301 =008 ***********************************Ind** =035 ##$$0010-061300000038617 =041 ##$$a Ind =082 ##$$a 641.86 =090 ##$$a 641.86, Ind i =100 ##$$a Indriani =245 ##$$a 50 resep snack, Pendamping minum kopi, Indriani; Editor, Intarina Hardiman =260 ##$$a 2010 $b Jakarta =300 ##$$a 106 hlm, Ilus, 21 cm =650 ##$$a Kue - Resep =700 ##$$a Hardiman, Intarina =850 ##$$a NBPNMAT